Normal view
MARC view
- Freytag-Loringhoven, Hugo Friedrich Philipp Johann
Entry Personal Name
001 - CONTROL NUMBER
- control field: 49408
003 - CONTROL NUMBER IDENTIFIER
- control field: NUST
005 - DATE AND TIME OF LATEST TRANSACTION
- control field: 20210314134325.0
008 - FIXED-LENGTH DATA ELEMENTS
- fixed length control field: 210314|| aca||aabn | a|a d
040 ## - CATALOGING SOURCE
- Original cataloging agency: NUST
- Transcribing agency: NUST
100 ## - HEADING--PERSONAL NAME
- Personal name: Freytag-Loringhoven, Hugo Friedrich Philipp Johann
670 ## - SOURCE DATA FOUND
- Source citation: Work cat.: (NUST): Freytag-Loringhoven, Hugo Friedrich Philipp Johann,, Deductions from the world war,, [1918]
